000 00540cam a22002171 4500
001 4054923
005 20180312083956.0
008 751021s1946 nyuabc b 001 0 eng
010 _a 46008113
040 _aDLC
_cWa
_dDLC
041 _aeng
043 _an-us---
_an-us-va
080 _a973.7
082 0 0 _a973.7 DOW
100 1 _a16
101 _aHIS
245 1 0 _aExperiment in rebellion,
_cby Clifford Dowdey.
504 _aBibliography: p. 436-442.
906 _a7
_bcbc
_corignew
_du
_eocip
_f19
_gy-gencatlg
942 _2ddc
_cBK
999 _c44749
_d44749